[Event "Wch-ch U10 Girls rapid"]
[Site "Minsk"]
[Date "2019.08.17"]
[Round "9"]
[White "Mizerova, Yana"]
[Black "Nurgaliyeva, Zarina"]
[Result "0-1"]
[WhiteElo "1420"]
[BlackElo "1549"]
[PlyCount "78"]
[EventDate "2019.08.16"]
[EventType "swiss (rapid)"]
[EventRounds "9"]
[EventCountry "BLR"]
[SourceTitle "EXT 2020"]
[Source "ChessBase"]
[SourceDate "2019.10.17"]
[SourceVersion "1"]
[SourceVersionDate "2019.10.17"]
[SourceQuality "1"]

1. Nf3 Nf6 2. g3 e6 3. Bg2 d5 4. d3 Nbd7 5. 0-0 Be7 6. Bf4 0-0 7. Nbd2 b6 8. c4 Bb7 9. Re1 c5 10. cxd5 Nxd5 11. Be5 Nxe5 12. Nxe5 Bf6 13. Ndf3 Qc7 14. d4 cxd4 15. Qxd4 Rad8 16. Rac1 Qb8 17. g4 Ne7 18. Qe3 Ng6 19. Nxg6 hxg6 20. g5 Bxb2 21. Rc2 Bxf3 22. Bxf3 Be5 23. h3 Bf4 24. Qc3 Bxg5 25. Qc7 Bf4 26. Qxb8 Rxb8 27. e3 Bd6 28. Rd1 Rfd8 29. Rcd2 Be7 30. Rd7 Rxd7 31. Rxd7 Bc5 32. Rxa7 Rd8 33. Ra8 Rxa8 34. Bxa8 Kf8 35. Kf1 Ke7 36. Bc6 Kd6 37. Be8 Ke7 38. Bc6 f6 39. f4 Bxe3 0-1

[Event "Wch-ch U10 Girls rapid"]
[Site "Minsk"]
[Date "2019.08.17"]
[Round "6"]
[White "Mizerova, Yana"]
[Black "Shukhman, Anna"]
[Result "1/2-1/2"]
[WhiteElo "1420"]
[BlackElo "1775"]
[PlyCount "225"]
[EventDate "2019.08.16"]
[EventType "swiss (rapid)"]
[EventRounds "9"]
[EventCountry "BLR"]
[SourceTitle "EXT 2020"]
[Source "ChessBase"]
[SourceDate "2019.10.17"]
[SourceVersion "1"]
[SourceVersionDate "2019.10.17"]
[SourceQuality "1"]

1. d4 Nf6 2. Bg5 g6 3. Bxf6 exf6 4. g3 Bg7 5. Bg2 d5 6. e3 f5 7. Ne2 c5 8. c3 cxd4 9. cxd4 Nc6 10. Nbc3 Be6 11. Nf4 Ne7 12. Qb3 0-0 13. 0-0 Bh6 14. Nfxd5 Kh8 15. Qxb7 Nxd5 16. Nxd5 Rb8 17. Qc7 Bxd5 18. Qe5+ Kg8 19. Qxd5 Rxb2 20. Qxd8 Rxd8 21. Rfb1 Rdb8 22. Rxb2 Rxb2 23. Bd5 Rb5 24. Bb3 Bf8 25. Rc1 Rb7 26. d5 Bd6 27. Rc6 Rd7 28. Rc8+ Kg7 29. Ba4 Rc7 30. Rxc7 Bxc7 31. Kf1 Kf6 32. Ke2 Ke5 33. Bc6 f6 34. Kd3 h6 35. f4+ Kd6 36. Kc4 g5 37. Be8 Bb6 38. Bg6 Bxe3 39. fxg5 fxg5 40. Bxf5 Bf2 41. Be6 Bc5 42. Kb5 Bf2 43. Bf7 Be1 44. Kc4 Bf2 45. a4 Ke5 46. Kb5 Kd6 47. Kc4 Bc5 48. Kb5 Bg1 49. h3 Bf2 50. g4 Bb6 51. Be6 Bc5 52. Bf7 Be3 53. Kc4 Ke5 54. Be6 Bb6 55. Kb5 Kd6 56. Kc4 Ba5 57. Kb5 Bd2 58. Kc4 Be3 59. Bf7 Bb6 60. Be6 Ke5 61. Kb5 Kd6 62. Kc4 Ba5 63. Kd4 Be1 64. Ke4 Kc5 65. Kf5 Bd2 66. Kg6 Bf4 67. Kxh6 Kb4 68. Bd7 Kc5 69. Bc6 Kd6 70. Kh5 Bd2 71. h4 gxh4 72. Kxh4 Bb4 73. Kh5 Ke7 74. Kh6 Bd2+ 75. g5 Be3 76. Kg6 Bd2 77. Kf5 Bc3 78. g6 Bg7 79. Ke4 Bc3 80. Kd3 Be5 81. Kc4 Kd6 82. Kb5 Bf6 83. Ka6 Bd4 84. g7 Bxg7 85. Kxa7 Kc7 86. a5 Bd4+ 87. Ka6 Be3 88. Kb5 Bf2 89. a6 Bg1 90. Kc4 Kd6 91. Kd3 Ba7 92. Ke4 Bg1 93. Kf5 Bd4 94. Kg6 Ke7 95. Kf5 Kd6 96. Bb7 Ke7 97. Ke4 Bb6 98. Ke5 Bc7+ 99. Kf5 Bb6 100. Bc6 Bg1 101. Ke4 Kd6 102. Kd3 Bf2 103. Kc4 Bg1 104. Bb7 Bf2 105. Kd3 Bg1 106. Ke4 Bf2 107. Kf5 Ke7 108. Bc6 Bg1 109. Kg6 Bf2 110. Kg7 Bg1 111. Kg6 Bf2 112. Kf5 Bg1 113. Ke4 1/2-1/2

[Event "Wch U10 Girls blitz"]
[Site "Minsk"]
[Date "2018.06.24"]
[Round "6"]
[White "Kobak, Polina"]
[Black "Mizerova, Yana"]
[Result "0-1"]
[WhiteElo "1152"]
[BlackElo "1285"]
[PlyCount "90"]
[EventDate "2018.06.24"]
[EventType "swiss (blitz)"]
[EventRounds "9"]
[EventCountry "BLR"]
[SourceTitle "EXT 2019"]
[Source "ChessBase"]
[SourceDate "2018.10.10"]
[SourceVersion "1"]
[SourceVersionDate "2018.10.10"]
[SourceQuality "1"]

1. d4 Nf6 2. c4 g6 3. f3 Bg7 4. e4 d6 5. Be3 0-0 6. Ne2 Nc6 7. Nbc3 e6 8. Qd2 Bd7 9. Bh6 Na5 10. Nc1 c5 11. d5 exd5 12. cxd5 Re8 13. Be2 Qb6 14. Bxg7 Kxg7 15. 0-0 Rac8 16. Kh1 c4 17. Bd1 Qb4 18. a3 Qb6 19. Bc2 Nb3 20. Nxb3 cxb3 21. Bd3 a6 22. Rac1 Rc7 23. Ne2 Rec8 24. Rxc7 Rxc7 25. Rc1 Rxc1+ 26. Qxc1 Qc5 27. Qxc5 dxc5 28. Nc3 b5 29. Be2 c4 30. e5 Ne8 31. d6 f6 32. f4 fxe5 33. fxe5 Kf7 34. Bf3 Ke6 35. Bb7 a5 36. Ba6 Kxe5 37. Nxb5 Bxb5 38. Bxb5 Nxd6 39. Bd7 Kd4 40. Bg4 Kd3 41. Kg1 Kc2 42. Be6 Kxb2 43. Kf2 c3 44. Ke3 c2 45. Kd2 c1Q+ 0-1